The Shining: Book, Movie, or Both? - Statistics

General Stats
  • This quiz has been taken 19 times
  • The average score is 10 of 15
Answer Stats
Question Answer % Correct
The last caretaker of the hotel, Delbert Grady, is said to have murdered his wife and daughters the previous winter. Both
82%
Blood flows out of the hotel's elevator. Movie
82%
Jack and Wendy are aware of the extent of Danny's "Shining" powers. Book
76%
The haunted Overlook Hotel is located in the Colorado mountains. Both
76%
Jack dies at the end. Both
76%
In the bathroom, Wendy defends herself from Jack with a razor blade. Book
71%
The murdered daughters appear before Danny in the hotel. Movie
71%
Hallorann is killed by Jack when he attempts to save Wendy and Danny. Movie
65%
Dick Hallorann recieves Danny's call for help while driving on the highway. Book
59%
Danny is warned to not enter the mysterious Room 217. Book
59%
The hotel's hedge animals come to life when the characters aren't looking. Book
59%
Jack writes "all work and no play makes Jack a dull boy" over and over on a typewriter. Movie
59%
Jack Torrance breaks down the bathroom door with an axe. Movie
53%
Jack previously broke Danny's arm in a drunken rage. Both
47%
Wendy locks Jack in the kitchen pantry. Both
47%
No matching quizzes found
Score Distribution
Percent of People with Each Score
Percentile by Number Answered
Your Score History
You have not taken this quiz